Использование электронных учебных материалов в процессе подготовки студентов по физике; Уровневая подготовка специалистов: электронное обучение и открытые образовательные ресурсы

Библиографические подробности
Источник:Уровневая подготовка специалистов: электронное обучение и открытые образовательные ресурсы.— 2014.— [С. 185-186]
Главный автор: Полицинский Е. В. Евгений Валерьевич
Автор-организация: Национальный исследовательский Томский политехнический университет (ТПУ) Юргинский технологический институт (филиал) (ЮТИ) Кафедра естественного научного образования (ЕНО)
Примечания:Заглавие с титульного листа.
The paper describes the experience of using digital teaching tools as part of the author’s teaching technology of training students in physics based on advanced self-instruction.
Язык:русский
Опубликовано: 2014
Серии:Современные технологии обучения в инженерном образовании. Среда электронного обучения как инструмент организации учебного процесса
Предметы:
Online-ссылка:http://earchive.tpu.ru/handle/11683/25764
http://www.lib.tpu.ru/fulltext/c/2014/C09/074.pdf
Формат: MixedMaterials Электронный ресурс Статья
Запись в KOHA:https://koha.lib.tpu.ru/cgi-bin/koha/opac-detail.pl?biblionumber=610154

MARC

LEADER 00000naa2a2200000 4500
001 610154
005 20260401134916.0
035 |a (RuTPU)RU\TPU\conf\7750 
035 |a RU\TPU\conf\7748 
090 |a 610154 
100 |a 20150112d2014 k y0rusy50 ca 
101 0 |a rus 
102 |a RU 
135 |a drgn ---uucaa 
181 0 |a i  
182 0 |a b 
200 1 |a Использование электронных учебных материалов в процессе подготовки студентов по физике  |d Using digital teaching tools for training students in physics  |f Е. В. Полицинский 
203 |a Текст  |c электронный 
225 1 |a Современные технологии обучения в инженерном образовании. Среда электронного обучения как инструмент организации учебного процесса 
300 |a Заглавие с титульного листа. 
320 |a [Библиогр.: с. 186 (9 назв.)] 
330 |a The paper describes the experience of using digital teaching tools as part of the author’s teaching technology of training students in physics based on advanced self-instruction. 
337 |a Adobe Reader 
463 1 |0 (RuTPU)RU\TPU\conf\7637  |t Уровневая подготовка специалистов: электронное обучение и открытые образовательные ресурсы  |o сборник трудов I Всероссийской научно-методической конференции, 20-21 марта 2014 г., Томск  |f Национальный исследовательский Томский политехнический университет (ТПУ) ; ред. кол. А. И. Чучалин [и др.]  |v [С. 185-186]  |d 2014 
510 1 |a Using digital teaching tools for training students in physics  |z eng 
610 1 |a электронный ресурс 
610 1 |a труды учёных ТПУ 
610 1 |a электронные материалы 
610 1 |a учебные материалы 
610 1 |a подготовка 
610 1 |a студенты 
610 1 |a физика 
610 1 |a педагогические технологии 
610 1 |a технологии 
610 1 |a методики 
610 1 |a самостоятельная работа 
700 1 |a Полицинский  |b Е. В.  |c физик  |c доцент Юргинского технологического университета (филиала) Томского политехнического университета, кандидат педагогических наук  |f 1974-  |g Евгений Валерьевич  |3 (RuTPU)RU\TPU\pers\24524  |9 10834 
712 0 2 |a Национальный исследовательский Томский политехнический университет (ТПУ)  |b Юргинский технологический институт (филиал) (ЮТИ)  |b Кафедра естественного научного образования (ЕНО)  |3 (RuTPU)RU\TPU\col\18894 
801 2 |a RU  |b 63413507  |c 20210408  |g RCR 
856 4 |u http://earchive.tpu.ru/handle/11683/25764 
856 4 |u http://www.lib.tpu.ru/fulltext/c/2014/C09/074.pdf 
942 |c BK